LDR 00753naa#a2200157#i#450# 001 RU\\bibl\120434 005 20260426113609.7 011 ## _a2782-4586 100 ## _a20260331b2026####ek#y0rusy0150####ca 102 ## _aRU 200 1# _aЦифровые финансовые практики студенческой молодежи: взаимосвязь источников информации и характера использования финтех-услуг (на примере аграрного вуза) _eЖурнальная статья 210 1# _aМосква _cУниверситет ИТБО _d2026 215 ## _a7 с. 608 ## _aЖурнальная статья _2local 700 #1 _aФрик _gОльга Владимировна 856 4# _ajomeam.ru _u